logo

Bir Sreshtho Munshi Abdur Rouf Library
Jhenaidah Cadet College

Opportunity for skillful reading / (Record no. 5604)

MARC details
000 -LEADER
fixed length control field 00774cam a2200289 a 4500
001 - CONTROL NUMBER
JCCL Control Number 5604
003 - CONTROL NUMBER IDENTIFIER
JCCL marc code BD-JhCC
005 - DATE AND TIME OF LATEST TRANSACTION
control field 20171218190336.0
008 - FIXED-LENGTH DATA ELEMENTS--GENERAL INFORMATION
fixed length control field 870513s1988 cau 000 0 eng
020 ## - INTERNATIONAL STANDARD BOOK NUMBER
International Standard Book Number 0534085202 (pbk.)
035 ## - SYSTEM CONTROL NUMBER
system control number (BD-JhCC)5604
040 ## - CATALOGING SOURCE
Original cataloging agency DLC
Transcribing agency DLC
Modifying agency DLC
041 ## - LANGUAGE CODE
Language code of Book eng
050 00 - LIBRARY OF CONGRESS CALL NUMBER
Classification number LB2395.3
Item number .J63 1988
082 00 - DEWEY DECIMAL CLASSIFICATION NUMBER
Classification number 428.4/3
DDC Edition number 19
Author mark and Year JOF 1980
100 1# - MAIN ENTRY--PERSONAL NAME
Personal name Joffe, Irwin L.
245 10 - TITLE STATEMENT
Title Opportunity for skillful reading /
Statement of responsibility, etc Irwin L. Joffe.
250 ## - EDITION STATEMENT
Edition statement 5th ed.
260 ## - PUBLICATION, DISTRIBUTION, ETC. (IMPRINT)
Place of publication, distribution, etc Belmont, Calif. :
Name of publisher, distributor, etc Wadsworth Pub. Co.,
Date of publication, distribution, etc c1988.
300 ## - PHYSICAL DESCRIPTION
Pagination xiv, 464 p. ;
Dimensions 24 cm.
650 #0 - SUBJECT ADDED ENTRY--TOPICAL TERM
Topical term or geographic name as entry element Reading (Higher education)
650 #0 - SUBJECT ADDED ENTRY--TOPICAL TERM
Topical term or geographic name as entry element College readers.
650 #0 - SUBJECT ADDED ENTRY--TOPICAL TERM
Topical term or geographic name as entry element Reading comprehension.
650 #0 - SUBJECT ADDED ENTRY--TOPICAL TERM
Topical term or geographic name as entry element Vocabulary.
942 ## - ADDED ENTRY ELEMENTS (KOHA)
Source of classification or shelving scheme Dewey Decimal Classification
Koha item type Books
Holdings
Source of classification or shelving scheme Damaged status Not for loan Home library Current library Shelving location Total Checkouts Full call number Barcode Date last seen Copy number Koha item type
Dewey Decimal Classification     JCC Rouf Library JCC Rouf Library General Stacks   428.4/3 JOF 1980 7841 12/18/2017 C - 1 Books

JCC Library | Contacts | JCC Home

Last Update on 23 September 2017
Copyright @ 2017-2020 JCC Rouf Library
Rouf Library, Jhenidah Cadet College (JCC), Bangladesh